QCM - Harry Potter - Les Mangemorts - Statistiques

Statistiques générales
  • Ce quiz a été pris 60 fois
    43 depuis la dernière actualisation
  • Le résultat moyen est 13 sur 15
Statistiques - réponses
Question Réponse % Correct
Quelle sorcière, particulièrement sadique, est le bras droit de Voldemort ? Bellatrix Lestrange
100%
Nom de la marque qu’ils ont tous sur le bras La Marque des Ténèbres
100%
Couple torturé par Bellatrix Lestrange et devenu fou à vie Alice et Frank Londubat
98%
Maison de Drago Malefoy à Poudlard Serpentard
98%
Quelle mission a confiée Voldemort à Drago Malefoy ? Tuer Albus Dumbledore
98%
Quel élève est tué par Peter Pettigrow ? Cédric Diggory
95%
Quelle famille, très respectée auprès de Voldemort tombe en disgrâce aux yeux de ce dernier ? Les Malefoy
95%
Forme du Patronus de Severus Rogue Une biche
95%
Quel Mangemort prend l’apparence d’un Auror dans Harry Potter et la Coupe de Feu ? Barty Croupton Junior
90%
Jumeaux qui sont les bras droits de Severus Rogue lorsqu’il devient le Directeur de Poudlard Amycus et Alecto Carrow
88%
Qui était l’elfe au service de Lucius Malefoy ? Dobby
88%
Nom du loup-garou qui s’allie aux Mangemorts Fenrir Greyback
86%
Poste qu’à occuper Amycus Carrow à Poudlard Professeur d’Art de la Magie Noire
79%
Surnom que Bellatrix donne à Narcissa Malefoy Cissy
76%
Prénom de la sœur de Bellatrix Lestrange et de Narcissa Malefoy Andromeda
62%
Aucun quiz correspondant
Distribution des résultats
% des personnes avec chaque résultat
Percentile par nombre de réponses
Votre historique - résultats
Vous n’avez pas pris ce quiz depuis la dernière actualisation